000 00582nam a2200205Ia 4500
001 20385
003 GE_BSU
008 181216s||||||||xx |||||||||||||| ||und||
040 _cGE_BSU
245 _aГенетика, Том 53, №2. 2016. Февраль
245 _cГл.ред.С.В.Шестаков и др.
260 _aМосква
260 _bНаука
260 _c2017
300 _a260 стр.29см.
653 _aГенетика, Том 53, №2. 2016. Февраль
653 _aПериодика
653 _aპერიოდიკა
942 _cCR
999 _c53343
_d53343